Το ξανθό κορίτσι της Σαντορίνης : αυτοβιογραφικό αφήγημα με δύο τραγούδια για τη Σαντορίνη
Saved in:
| Main Author: | |
|---|---|
| Other Authors: | |
| Format: | Book |
| Language: | Greek |
| Published: |
Αθήνα :
Μεταίχμιο,
2018.
|
| Subjects: | |
| Tags: |
Add Tag
No Tags, Be the first to tag this record!
|
MARC
| LEADER | 00000nam a2200000 a 4500 | ||
|---|---|---|---|
| 001 | 1/126439 | ||
| 008 | 230424t2018####gr | ||| |||| ||gre|| | ||
| 020 | |a 9786180315868 | ||
| 040 | |a GR-MyUa |b gre |c GR-MyUa |e AACR2 | ||
| 041 | 0 | |a gre | |
| 082 | 7 | |a 889.3 |2 (23) | |
| 100 | 1 | |a Koch, Mariza, |d 1944- | |
| 245 | 1 | 3 | |a Το ξανθό κορίτσι της Σαντορίνης : |b αυτοβιογραφικό αφήγημα με δύο τραγούδια για τη Σαντορίνη / |c Μαρίζα Κώχ ; επιμέλεια κειμένου Εμμανουλήλ Αντ. Λιγνός. |
| 260 | |a Αθήνα : |b Μεταίχμιο, |c 2018. | ||
| 300 | |a 197 σ. ; |c 21 εκ. | ||
| 650 | 0 | |a Greek fiction, Modern |y 21st century. | |
| 650 | 0 | |a Autobiography. | |
| 700 | 1 | |a Λιγνός, Εμμανουήλ, |e edt | |
| 852 | |a INST |b SAMOS |e 20230424 |h 889.3 KOC |p 005300048034 |q 005300048034 |t BK |y 0 | ||
| 970 | |a Γουβάλα |b Βάσω |z 24-04-2023 | ||